[Event "Ruhrgebiet Verbandsbezirksliga Gr 1"]
[Site "Ruhrgebiet"]
[Date "2019.04.07"]
[Round "8.8"]
[White "Schindler, Willi"]
[Black "Radke, Werner"]
[Result "0-1"]
[WhiteElo "1314"]
[BlackElo "1362"]
[PlyCount "122"]
[EventDate "2018.09.30"]
[EventType "team-tourn"]
[EventRounds "9"]
[EventCountry "GER"]
[SourceTitle "EXT 2022"]
[Source "ChessBase"]
[SourceDate "2021.10.06"]
[SourceVersion "1"]
[SourceVersionDate "2021.10.06"]
[SourceQuality "1"]
[WhiteTeam "Werl SC 1981 II"]
[BlackTeam "Hamm Koenigsspringer II"]
[WhiteTeamCountry "GER"]
[BlackTeamCountry "GER"]

1. e4 e5 2. Bc4 Nf6 3. d4 Nc6 4. d5 Ne7 5. Nc3 d6 6. Nge2 a6 7. Ng3 Ng6 8. Bg5 Be7 9. h3 h6 10. Bxf6 Bxf6 11. Nh5 0-0 12. Nxf6+ Qxf6 13. Be2 Nf4 14. Bf3 Bd7 15. Ne2 Nxe2 16. Bxe2 Qe7 17. c4 b6 18. Bg4 f5 19. exf5 Bxf5 20. Bxf5 Rxf5 21. 0-0 Raf8 22. Rc1 Qd7 23. Rc2 Rg5 24. Rc3 c5 25. Qe2 Rf4 26. Rd1 b5 27. b3 b4 28. Re3 a5 29. Rdd3 Qf5 30. Rd1 Qg6 31. g3 e4 32. Qf1 Rf3 33. Qe2 Re5 34. Kh2 Qf6 35. Rf1 Ref5 36. Kg2 Rxe3 37. Qxe3 Qd4 38. Re1 Re5 39. Re2 g5 40. g4 Kf7 41. Qd2 Kf6 42. Qe3 Qxe3 43. Rxe3 Re7 44. Re2 Ke5 45. Kg3 Kd4 46. Re3 Rf7 47. Kg2 Rf3 48. Re2 Kd3 49. Rb2 Rf4 50. Kg3 e3 51. fxe3 Kxe3 52. Kg2 Rd4 53. Kg3 Rd2 54. Rb1 Ke2 55. Ra1 Rd1 56. Rxd1 Kxd1 57. h4 Kc2 58. Kf3 Kb2 59. hxg5 hxg5 60. Ke4 Kxa2 61. Kf5 Kxb3 0-1